000 00712nam a2200289Ia 4500
005 20260324140620.0
008 008 260324s9999 xx 000 0 eng d
020 _a9781315022758
037 _aEBOOK
040 _aCRL
040 _beng
040 _cCRL
041 _2eng
041 _aeng
084 _qCRL
100 _aTom Curtin; Pascal Etcheber; Bruno Cesar; Olivier D'Herbemont
_91205080
245 0 _aManaging Sensitive Projects
245 2 _bA Lateral Approach
260 _bTaylor and Francis
260 _c1998
365 _a
365 _b290
856 _uhttp://www.taylorfrancis.com/books/9781315022758
942 _cEBOOK
999 _c1807322
_d1807322